| 000 | 00832nam a2200253Ia 4500 | ||
|---|---|---|---|
| 003 | OSt | ||
| 005 | 20221005111955.0 | ||
| 006 | a|||||r|||| 00| 0 | ||
| 007 | ta | ||
| 008 | 221004b |||||||| |||| 00| 0 hin d | ||
| 024 | _a21327 | ||
| 037 |
_bGift, 13/07/2015, _cTextual |
||
| 040 |
_aCRL _cCRL _bhin |
||
| 041 |
_2hin _ahin |
||
| 082 | _aO168,3x, 152Q3 | ||
| 100 | _aसईद, वहशी | ||
| 245 | 0 | _aकुंवारे शब्दों का द्वीप | |
| 246 | _aKuanvāre shabdoan kā dvīpa | ||
| 260 |
_aवाराणसी _bजावेद अनवर भारत _c2013 |
||
| 300 |
_a70पृ0 _ccm. |
||
| 650 | _aउर्दू साहित्य | ||
| 942 |
_hO168,3x, 152Q3 _cTEXL _2cc |
||
| 999 |
_c1023462 _d1023462 |
||